| 000 | 00694nam a2200217 4500 | ||
|---|---|---|---|
| 003 | OSt | ||
| 005 | 20240627011757.0 | ||
| 006 | a | ||
| 008 | 240627b |||||||| |||| 00| 0 eng d | ||
| 020 | _a978981697945 | ||
| 040 |
_aDWCL-Main lib. _cOC |
||
| 082 |
_2Eleventh edition _aCirc. 658.15 T619f 2011 |
||
| 100 | _aTitman, Sheridan | ||
| 245 | _aFinancial management : principles and applications / | ||
| 250 | _aEleventh edition | ||
| 260 |
_aSingapore : _bPearson Education South Asia Pte Ltd. , _cc2011. |
||
| 300 |
_axxiv, _b( various paging ) : ill. ; _c28 cm. |
||
| 504 | _aIncludes index. | ||
| 650 | _a1. Financial management. | ||
| 942 |
_2ddc _n0 _cBK-CIRC _eEleventh edition _kCirc. |
||
| 999 |
_c1441 _d1441 |
||